Jay Gatsby - Portrayals by Picture - Statistics

General Stats
  • This quiz has been taken 13 times
  • The average score is 2 of 8
Answer Stats
Picture Answer % Correct
Leonardo DiCaprio
100%
Seth MacFarlane
69%
Harry Shearer
23%
Robert Redford
23%
Alan Ladd
0%
Robert Ryan
0%
Toby Stephens
0%
Warner Baxter
0%
No matching quizzes found
Score Distribution
Percent of People with Each Score
Percentile by Number Answered
Your Score History
You have not taken this quiz